000 00383pab a2200157 454500
008 180718b1999 xxu||||| |||| 00| 0 eng d
100 _aDam, Marcus
245 _aAnother day, another bandh
260 _c1999
300 _ap.9
362 _a8 May
650 _aWest Bengal - Politics and government
650 _aPolitics and government
773 _aStatesman
909 _a42174
999 _c42174
_d42174